<?xml version="1.0" encoding="UTF-8"?>
<record
    xmlns:xsi="http://www.w3.org/2001/XMLSchema-instance"
    xsi:schemaLocation="http://www.loc.gov/MARC21/slim http://www.loc.gov/standards/marcxml/schema/MARC21slim.xsd"
    xmlns="http://www.loc.gov/MARC21/slim">

  <leader>00831nam a22002297a 4500</leader>
  <controlfield tag="005">20260312160412.0</controlfield>
  <controlfield tag="008">220606b           ||||| |||| 00| 0 eng d</controlfield>
  <datafield tag="020" ind1=" " ind2=" ">
    <subfield code="a">81771320392</subfield>
  </datafield>
  <datafield tag="040" ind1=" " ind2=" ">
    <subfield code="c">Aloy</subfield>
  </datafield>
  <datafield tag="041" ind1=" " ind2=" ">
    <subfield code="a">kan</subfield>
  </datafield>
  <datafield tag="082" ind1=" " ind2=" ">
    <subfield code="2">23</subfield>
    <subfield code="a">324.2092K</subfield>
    <subfield code="b">TEJL</subfield>
  </datafield>
  <datafield tag="100" ind1=" " ind2=" ">
    <subfield code="a">Purnachandra Tejasvi K P: &#xCAA;&#xCC2;&#xCB0;&#xCCD;&#xCA3;&#xC9A;&#xC82;&#xCA6;&#xCCD;&#xCB0; &#xCA4;&#xCC7;&#xC9C;&#xCB8;&#xCCD;&#xCB5;&#xCBF; &#xC95;&#xCC6; &#xCAA;&#xCBF;  Ed</subfield>
    <subfield code="9">258674</subfield>
  </datafield>
  <datafield tag="100" ind1=" " ind2=" ">
    <subfield code="9">40491</subfield>
    <subfield code="d">Nanjunda Swami M D:</subfield>
  </datafield>
  <datafield tag="100" ind1=" " ind2=" ">
    <subfield code="d"> &#xCA8;&#xC82;&#xC9C;&#xCC1;&#xC82;&#xCA1; &#xCB8;&#xCCD;&#xCB5;&#xCBE;&#xCAE;&#xCBF; &#xC8E;&#xC82; &#xCA1;&#xCBF; Ed</subfield>
    <subfield code="9">40479</subfield>
  </datafield>
  <datafield tag="245" ind1=" " ind2=" ">
    <subfield code="a">Lohiya:</subfield>
    <subfield code="b"> &#xCB2;&#xCCB;&#xCB9;&#xCBF;&#xCAF;&#xCBE; </subfield>
  </datafield>
  <datafield tag="260" ind1=" " ind2=" ">
    <subfield code="a">Bengaluru:</subfield>
    <subfield code="b">Kannada Pustaka Pradhikara,</subfield>
    <subfield code="c">2007</subfield>
  </datafield>
  <datafield tag="300" ind1=" " ind2=" ">
    <subfield code="a">117p.</subfield>
    <subfield code="b">PB</subfield>
    <subfield code="c">21x14cm.</subfield>
  </datafield>
  <datafield tag="365" ind1=" " ind2=" ">
    <subfield code="2">Biography</subfield>
  </datafield>
  <datafield tag="650" ind1=" " ind2=" ">
    <subfield code="a">Biography: &#xC9C;&#xCC0;&#xCB5;&#xCA8; &#xC9A;&#xCB0;&#xCBF;&#xCA4;&#xCCD;&#xCB0;&#xCC6; </subfield>
    <subfield code="9">40480</subfield>
  </datafield>
  <datafield tag="650" ind1=" " ind2=" ">
    <subfield code="a">Political Leader: &#xCB0;&#xCBE;&#xC9C;&#xC95;&#xCC0;&#xCAF; &#xCA8;&#xCBE;&#xCAF;&#xC95;&#xCB0;&#xCC1; </subfield>
    <subfield code="9">40481</subfield>
  </datafield>
  <datafield tag="942" ind1=" " ind2=" ">
    <subfield code="2">ddc</subfield>
    <subfield code="c">GF</subfield>
  </datafield>
  <datafield tag="999" ind1=" " ind2=" ">
    <subfield code="c">223249</subfield>
    <subfield code="d">223249</subfield>
  </datafield>
  <datafield tag="952" ind1=" " ind2=" ">
    <subfield code="0">0</subfield>
    <subfield code="1">0</subfield>
    <subfield code="2">ddc</subfield>
    <subfield code="4">0</subfield>
    <subfield code="7">0</subfield>
    <subfield code="8">OTH</subfield>
    <subfield code="a">AL</subfield>
    <subfield code="b">AL</subfield>
    <subfield code="d">2013-03-24</subfield>
    <subfield code="l">0</subfield>
    <subfield code="o">324.2092K TEJL</subfield>
    <subfield code="p">GF03015</subfield>
    <subfield code="r">2022-06-06 00:00:00</subfield>
    <subfield code="w">2022-06-06</subfield>
    <subfield code="y">GF</subfield>
  </datafield>
</record>
